|
|
|
|
| LEADER |
01600nam a2200373 a 4500 |
| 001 |
mzk03001177685 |
| 003 |
CZ BrMZK |
| 005 |
20130211133432.0 |
| 007 |
ta |
| 008 |
100715q16911692xx ||||f||||||||||||lat|d |
| 040 |
|
|
|a BOE950
|b cze
|
| 072 |
|
7 |
|a 09
|x Rukopisy, prvotisky, staré tisky. Vzácná a pozoruhodná díla
|2 Konspekt
|9 12
|
| 072 |
|
7 |
|a 16
|x Logika
|2 Konspekt
|9 5
|
| 080 |
|
|
|a 09
|2 MRF
|
| 080 |
|
|
|a 16
|2 MRF
|
| 100 |
1 |
|
|a Větrovský, Maxmilián,
|d 1660-1737
|7 jk01142244
|4 aut
|
| 245 |
1 |
0 |
|a Philosophia rationalis, seu Aristotelis Logica Scholasticis Commentariis Illustrata /
|c In Universitate Olomucensi a ... P. Maximiliano Wietrowsky Soc. Jesu Anno 1691 Vergente in 1692 Joannis Nay-Bawer
|
| 260 |
|
|
|a [S.l. :
|b s.n.,
|c mezi 1691 a 1692]
|
| 300 |
|
|
|a 198 listů ;
|c 20 x 16 cm
|
| 500 |
|
|
|a Výzdoba: Na l. 153r perokresba (arbor Porphiriana)
|
| 563 |
|
|
|a Polokožená vazba
|
| 510 |
4 |
|
|a Dokoupil, V. Soupis rukopisů rajhradské klášterní knihovny,
|c č. 308
|
| 510 |
4 |
|
|a Pelcl, F.M. Boehmische, maehrische und schlesische Gelehrte und Schriftsteller aus dem Orden der Jesuiten von Anfang der Gesellschaft bis auf gegenwartige Zeit,
|c s. 131 a d.
|
| 600 |
0 |
7 |
|a Aristotelés,
|d 384-322 př. Kr.
|7 jn19981000140
|2 czenas
|
| 650 |
|
7 |
|a historické knihovní fondy
|7 ph172933
|2 czenas
|
| 650 |
|
7 |
|a logika
|7 ph122436
|2 czenas
|
| 700 |
1 |
|
|a Nay-Bawer, Johann
|4 oth
|
| 903 |
|
|
|a RP
|
| 910 |
|
|
|e BOE950
|c R - R 308
|
| 985 |
|
|
|a 1651-1700
|
| 990 |
|
|
|a BK
|
| 996 |
|
|
|e BOE950
|c R - R 308
|
| 991 |
|
|
|k rajhrad
|
| 980 |
|
|
|c 202137
|g R - R 308
|d 20100715
|t 5
|j ?
|k D/K.II.bb.12
|1 328100202137
|z PA
|v V
|